000 00718nam a2200289Ia 4500
005 20260324123807.0
008 008 260324s9999 xx 000 0 eng d
020 _a9781351278249
037 _aEBOOK
040 _aCRL
040 _beng
040 _cCRL
041 _2eng
041 _aeng
084 _qCRL
100 _aRory Sullivan
_91171671
245 0 _aValuing Corporate Responsibility
245 0 _bHow Do Investors Really Use Corporate Responsibility Information?
260 _bTaylor and Francis
260 _c2011
365 _a
365 _b99.99
856 _uhttp://www.taylorfrancis.com/books/9781351278249
942 _cEBOOK
999 _c1765495
_d1765495